000 00464 a2200157 4500
020 _a 817826434X
040 _aDLC
_bDLC
082 _a823.8
100 _aHardy, Thomas
245 _aJude the obscure
_cThomas Hardy
260 _aNew Delhi:
_bRohan Book Company,
_c2003.
300 _a400 p. ;
_c21 cm.
500 _aIncludes Index
650 _a1.Children --Death --Fiction. 2.Stonemasons --Fiction.3.Illegitimate children --Fiction.
942 _cBK
_k823.8 HAR
_2ddc
999 _c5122
_d5122